Регионална библиотека "Любен Каравелов" - Русе

Генерал Симеон Ванков (Запис номер 471862)

MARC детайли
000 -Лидер
Контролно поле с фиксирана дължина nam a22 a 4500
003 - Код на организацията, давaща контролен номер
Контролно поле BLK
005 - Дата и час на последна редакция
Контролно поле 20220825145537.0
008 - Елементи от данни с фиксирана дължина
fixed length control field 220825b bu |||||r|||| 00| | bu d
040 ## - Източник на каталожния запис
Идентификатор на билиотеката - собственик на записа BLK
041 ## - Код за език
Код за езика на текст/звукозапис или на отделно заглавие Български
Код за езика КДБФ Български
080 ## - УДК
Текстов определител УДК История на войните. Военни кампании. Битки. Военни подвизи
УДК код - определител по УДК 355.48
УДК определител (497.2)(092)
УДК - код + определител 355.48(497.2)(092)
080 ## - УДК
Текстов определител УДК История на войните. Военни кампании. Битки. Военни подвизи
УДК код - определител по УДК 355.48
УДК определител (47+57)(092)
УДК - код + определител 355.48(47+57)(092)
080 ## - УДК
Текстов определител УДК Руски и български офицер, учен, обществен деец
УДК код - определител по УДК 929 Ванков, Симеон Николов
УДК - код + определител 929 Ванков, Симеон Николов
100 ## - Редна дума - Автор
R(LIN) 383147
Автор Чакалова, Лариса
Авторска отговорност първи автор
139 ## - Редно поле
Редна дума Чакалова, Лариса
245 ## - Сведения за заглавието
Заглавие Генерал Симеон Ванков
Подзаглавни данни Биогр. очерк
Редно поле (дума) Лариса Чакалова
260 ## - Област на издателските данни
9 (RLIN) 215670
Място на издаване, разпространение и проч. София
Име на издателя, разпространителя и проч. Държ. воен. изд.
Година на издаване 1974
Информация за издателството ДВИ
300 ## - Физическа характеристика
Страници 108 с.
Илюстрации и др. с портр. и факс
Размери/Мащаб 20 см
380 ## - Жанр
Жанр Обществени науки
490 ## - СЕРИИ (Колекции)
9 (RLIN) 206346
Име на серия Библиотека Бележити пълководци и военни дейци
650 #0 - Допълнително описание по предмет – тема
9 (RLIN) 268741
Основно описание – тема или топоним Пълководци и генерали, български
653 #7 - Ключова дума – ненормативна
9 (RLIN) 194971
Ключова дума пълководци
653 #7 - Ключова дума – ненормативна
9 (RLIN) 196578
Ключова дума Симеон Ванков
852 ## - Местоположение
Форматна сигнатура Цб 73023
Фондова буква Хранилище
999 ## - СИСТЕМНИ КОНТРОЛНИ НОМЕРА
Koha biblionumber 471862
Koha biblioitemnumber 471862
942 ## - АРТИКУЛИ
Вид на библиотечния материал Книги
Скрит в OPAC Не
Периодичен библиозапис Да
944 ## - СЪЗДАВАНЕ И РЕДАКЦИЯ на ЗАПИСА
Създаване/Редакция Създаване
Дата на регистрацията/редакция 2022-08-25
Служител, извършил регистрацията/редакцията Христина Везирева
Наличности
Код за отписване Код за изгубен артикул Източник на класификационната схема Код за повреда Коз за рестрикции Код за отдаване Артикулен № Име на библиотеката - собственик Име на библиотеката, в която се намира в момента Статус (Текущо местоположение) Дата на вписване в системата Местоположение - отдел Цена в лева Инвентарен номер Систематично азбучна сигнатура Баркод Цена в евро Служебен тип на артикула
  Не е изгубен Universal Decimal Classification Не е повреден само за читалня ползва се в читалня 902263 Регионална библиотека "Любен Каравелов" Русе Регионална библиотека "Любен Каравелов" Русе Хранилище 2022-08-26 Хранилище 0.40 169635 Цб 73023 120000169635 0.20 Книги
Vip Innovations Ltd, Rousse, Bulgaria 2025